Statistieken voor Europese landen in 1815 met kaart

Klik hier om de quiz te nemen!

Algemene statistieken

  • Deze quiz is 203 keer genomen
  • De gemiddelde score is 17 van 44

Antwoorden op de kaart

Antwoorden kleurgecodeerd door een groen-rode schaal op de quizkaart volgens % correct hieronder.
 

Antwoordstatistieken

Land% Correct
Russische Rijk
98%
Frankrijk
97%
Nederland
97%
Noorwegen
95%
Portugal
94%
Spaanse Rijk
94%
Zweden
94%
Verenigd Koninkrijk
88%
Denemarken
85%
Oostenrijks Rijk
77%
Zwitserse Confederatie
76%
Luxemburg
68%
Ottomaanse Rijk
55%
Unie van de 2 Sicilieën
43%
Sardinie
41%
Pruisen
40%
Beieren
36%
San Marino
35%
Hamburg
29%
Andorra
27%
Liechtenstein
27%
Monaco
27%
Montenegro
24%
Bremen
23%
Hannover
21%
Toscane
21%
Württemberg
20%
Baden
19%
Frankfurt
16%
Hertogdom Saksen
15%
Koninkrijk Saksen
15%
Mecklenburg
12%
Pauselijke Staten
10%
Parma
8%
Anhalt
7%
Hertogdom Hessen
7%
Vorstendom Hessen
7%
Lucca
6%
Nassau
6%
Krakau
5%
Modena
5%
Oldenburg
5%
Hohenzollern
2%
Brunswick
0%

Scoreverdeling

Percentiel versus Aantal Correcte Antwoorden

Procent van Mensen met Elke Score

Uw Scoregeschiedenis

U heeft deze quiz nog niet genomen